MODERN PHARMACOLOGY WITH CLINICAL APPLICATIONS (Record no. 8192)

MARC details
000 -LEADER
fixed length control field 00482nam a22001817a 4500
005 - DATE AND TIME OF LATEST TRANSACTION
control field 20230109142326.0
008 - FIXED-LENGTH DATA ELEMENTS--GENERAL INFORMATION
fixed length control field 230109b |||||||| |||| 00| 0 eng d
020 ## - INTERNATIONAL STANDARD BOOK NUMBER
ISBN 978-81-8473-725-7
041 ## - LANGUAGE CODE
Language code of text/sound track or separate title eng
082 ## - DEWEY DECIMAL CLASSIFICATION NUMBER
Classification number 615.1 18 CAR
100 ## - MAIN ENTRY--AUTHOR NAME
Personal name CRAIGE,CHARLES R. AND STITZEL, ROBERT E.
245 ## - TITLE STATEMENT
Title MODERN PHARMACOLOGY WITH CLINICAL APPLICATIONS
250 ## - EDITION STATEMENT
Edition statement 6th Ed.
260 ## - PUBLICATION, DISTRIBUTION, ETC. (IMPRINT)
Name of publisher WOLTERS KLUWER
300 ## - PHYSICAL DESCRIPTION
Number of Pages 824.P
650 ## - SUBJECT ADDED ENTRY--TOPICAL TERM
Topical Term PHARMACY
General subdivision B.PHARMA
942 ## - ADDED ENTRY ELEMENTS (KOHA)
Koha item type Books

No items available.